000 00619nam a2200229Ia 4500
003 OSt
005 20220924115306.0
006 a|||||r|||| 00| 0
007 ta
008 220923b |||||||| |||| 00| 0 urd d
024 _a309874
037 _cTextual
040 _aARTS
_cARTS
_burd
041 _2urd
_aurd
082 _aO168w63,N3, L8
100 _aImdad Sabri
_9177611
245 0 _aJunubi africa ke urdu shair
260 _aDelhi
_bAnjuman Taraqqiurdu India
_c1978
650 _aURDU LITERATURE
942 _hO168w63,N3, L8
_cTEXL
_2CC
999 _c397659
_d397659